[Event "Stuttgart-chA int"]
[Site "Ditzingen"]
[Date "2006.05.28"]
[Round "7"]
[White "Viskin, Volodymyr"]
[Black "Augner, Bjoern"]
[Result "0-1"]
[WhiteElo "2108"]
[BlackElo "1971"]
[PlyCount "144"]
[EventDate "2006.05.25"]
[EventType "swiss"]
[EventRounds "7"]
[EventCountry "GER"]
[SourceTitle "EXT 2018"]
[Source "ChessBase"]
[SourceDate "2017.10.13"]
[SourceVersion "1"]
[SourceVersionDate "2017.10.13"]
[SourceQuality "1"]

1. d4 Nf6 2. c4 g6 3. Nc3 d5 4. f3 Nc6 5. cxd5 Nxd5 6. e4 Nb6 7. d5 Ne5 8. Be3 Bg7 9. Bd4 0-0 10. Rc1 e6 11. Nb5 c6 12. dxc6 bxc6 13. f4 cxb5 14. Bxe5 Bxe5 15. Qxd8 Rxd8 16. fxe5 Rd4 17. Bxb5 Rxe4+ 18. Kf2 Rxe5 19. Bc6 Rb8 20. Nf3 Ra5 21. a3 Nd5 22. Rc2 Bb7 23. Bxb7 Rxb7 24. Nd4 e5 25. Nc6 Rab5 26. b4 Ne7 27. a4 Rd5 28. b5 Nxc6 29. bxc6 Rc7 30. Rb1 Rd8 31. Rb7 Rdc8 32. Rxc7 Rxc7 33. Ke3 f5 34. Rc5 Kf7 35. Rxe5 Rxc6 36. Ra5 a6 37. h3 Kf6 38. g4 Kg5 39. gxf5 gxf5 40. Kf3 Rc3+ 41. Kf2 Rxh3 42. Rxa6 Ra3 43. Rb6 Rxa4 44. Rb3 Rg4 45. Rb8 h5 46. Rg8+ Kf4 47. Ra8 h4 48. Rh8 Kg5 49. Rg8+ Kf6 50. Rh8 Ra4 51. Kf3 h3 52. Rf8+ Ke5 53. Re8+ Kd4 54. Rd8+ Kc3 55. Rf8 Rh4 56. Rc8+ Kd4 57. Rd8+ Ke5 58. Rd1 h2 59. Rh1 Ra4 60. Re1+ Kd5 61. Rh1 Ke5 62. Re1+ Kf6 63. Kg2 Rh4 64. Rh1 Kg5 65. Kg3 Rh6 66. Kf3 Rh3+ 67. Kf2 Kg4 68. Kg2 Rh6 69. Kf2 f4 70. Kg2 Rh7 71. Kf2 Ra7 72. Kg2 Ra2+ 0-1

[Event "Stuttgart-chA int"]
[Site "Ditzingen"]
[Date "2006.05.25"]
[Round "2"]
[White "Michna, Christian"]
[Black "Viskin, Volodymyr"]
[Result "1-0"]
[WhiteElo "2268"]
[BlackElo "2108"]
[PlyCount "45"]
[EventDate "2006.05.25"]
[EventType "swiss"]
[EventRounds "7"]
[EventCountry "GER"]
[SourceTitle "EXT 2018"]
[Source "ChessBase"]
[SourceDate "2017.10.13"]
[SourceVersion "1"]
[SourceVersionDate "2017.10.13"]
[SourceQuality "1"]

1. e4 e5 2. Bc4 Nf6 3. d3 Be7 4. Nc3 0-0 5. f4 d6 6. Nf3 Nc6 7. 0-0 exf4 8. Bxf4 Na5 9. Bb3 Nxb3 10. axb3 Bd7 11. d4 Re8 12. Qd3 h6 13. Rae1 Bf8 14. h3 Qc8 15. Nd2 c6 16. Bxh6 d5 17. Bg5 Nxe4 18. Ncxe4 dxe4 19. Rxe4 Be6 20. Rh4 g6 21. Ne4 Bg7 22. Nf6+ Kf8 23. Nxe8 1-0

[Event "Wuerttemberg-ch B"]
[Site "Stuttgart"]
[Date "2004.08.28"]
[Round "1"]
[White "Speicher, Franz"]
[Black "Viskin, Volodymyr"]
[Result "1/2-1/2"]
[WhiteElo "1962"]
[BlackElo "2126"]
[PlyCount "49"]
[EventDate "2004.08.28"]
[EventType "swiss"]
[EventRounds "9"]
[EventCountry "GER"]
[SourceTitle "CBM 102 Extra"]
[Source "ChessBase"]
[SourceDate "2004.11.03"]
[SourceVersion "1"]
[SourceVersionDate "2004.11.03"]
[SourceQuality "1"]

1. e4 c5 2. Nf3 Nf6 3. Nc3 Nc6 4. Bb5 Nd4 5. Bc4 e6 6. e5 Ng4 7. Nxd4 Nxe5 8. Nxe6 dxe6 9. Bb5+ Bd7 10. Qe2 Nc6 11. 0-0 Be7 12. Bxc6 Bxc6 13. d3 0-0 14. Be3 b6 15. Rad1 Bf6 16. Ne4 Bxe4 17. dxe4 Qe8 18. c4 Qc6 19. Bf4 Rfd8 20. e5 Be7 21. b3 Qe8 22. Rxd8 Rxd8 23. Rd1 Rd7 24. Rxd7 Qxd7 25. Qd2 1/2-1/2

[Event "Stuttgart-chA"]
[Site "Stuttgart"]
[Date "2004.??.??"]
[Round "?"]
[White "Csomos, Janos"]
[Black "Viskin, Volodymyr"]
[Result "1/2-1/2"]
[WhiteElo "2065"]
[BlackElo "1960"]
[PlyCount "81"]
[EventDate "2004.05.20"]
[EventType "swiss"]
[EventRounds "7"]
[EventCountry "GER"]
[SourceTitle "EXT 2007"]
[Source "ChessBase"]
[SourceDate "2006.11.23"]
[SourceVersion "1"]
[SourceVersionDate "2006.11.23"]
[SourceQuality "1"]

1. c4 Nf6 2. d4 e6 3. Nc3 d5 4. Bg5 Nbd7 5. cxd5 exd5 6. Nf3 Be7 7. e3 c6 8. Bd3 0-0 9. Qc2 h6 10. Bh4 Re8 11. 0-0 Ne4 12. Bxe7 Qxe7 13. Nd2 Ndf6 14. Nf3 Nxc3 15. bxc3 Be6 16. Bf5 Bxf5 17. Qxf5 Qe4 18. Qxe4 Nxe4 19. Rfc1 Nd6 20. Nd2 b5 21. Nb3 Nb7 22. Kf1 Kf8 23. a4 a6 24. Ra2 Ra7 25. Rca1 Rea8 26. Ke2 Ke7 27. axb5 cxb5 28. Na5 Nxa5 29. Rxa5 Kd6 30. Kd3 Kc6 31. f3 f5 32. e4 fxe4+ 33. fxe4 dxe4+ 34. Kxe4 Re8+ 35. Kd3 Kb6 36. d5 Kc5 37. Rxa6 Rd7 38. d6 Re6 39. Rf1 Rdxd6+ 40. Rxd6 Rxd6+ 41. Kc2 1/2-1/2

[Event "Stuttgart-chA"]
[Site "Stuttgart"]
[Date "2004.??.??"]
[Round "?"]
[White "Viskin, Volodymyr"]
[Black "Roth, Stefan"]
[Result "1/2-1/2"]
[WhiteElo "1960"]
[BlackElo "2035"]
[PlyCount "26"]
[EventDate "2004.05.20"]
[EventType "swiss"]
[EventRounds "7"]
[EventCountry "GER"]
[SourceTitle "EXT 2007"]
[Source "ChessBase"]
[SourceDate "2006.11.23"]
[SourceVersion "1"]
[SourceVersionDate "2006.11.23"]
[SourceQuality "1"]

1. e4 g6 2. d4 Bg7 3. Nc3 c6 4. Nf3 d5 5. exd5 cxd5 6. Bb5+ Nc6 7. h3 a6 8. Bxc6+ bxc6 9. 0-0 Nf6 10. Bf4 0-0 11. Re1 h6 12. Be5 Nd7 13. Bxg7 Kxg7 1/2-1/2

[Event "Stuttgart-chA"]
[Site "Stuttgart"]
[Date "2003.??.??"]
[Round "?"]
[White "Viskin, Volodymyr"]
[Black "Fahnenschmidt, Gerhard"]
[Result "1-0"]
[WhiteElo "2100"]
[BlackElo "2205"]
[PlyCount "125"]
[EventDate "2003.??.??"]
[EventType "swiss"]
[EventRounds "9"]
[EventCountry "GER"]
[SourceTitle "EXT 2007"]
[Source "ChessBase"]
[SourceDate "2006.11.23"]
[SourceVersion "1"]
[SourceVersionDate "2006.11.23"]
[SourceQuality "1"]

1. Nf3 c5 2. c4 Nf6 3. Nc3 d5 4. cxd5 Nxd5 5. g3 Nc6 6. Bg2 g6 7. 0-0 Bg7 8. Qb3 Nc7 9. d3 0-0 10. Bd2 Nd4 11. Nxd4 cxd4 12. Ne4 Bg4 13. Rfe1 Rb8 14. Rac1 b6 15. Ng5 h6 16. h3 Bf5 17. Nf3 Qd7 18. Bf4 Rbc8 19. Ne5 Bxe5 20. Bxe5 Na6 21. Qd5 Nb4 22. Qxd7 Bxd7 23. a3 Nc2 24. Red1 g5 25. g4 Rc5 26. Bg3 Ba4 27. Rd2 Bb3 28. Bb7 f5 29. gxf5 Rfxf5 30. Bb8 a5 31. Ba6 b5 32. Ba7 Rc6 33. Bb7 Rc7 34. Be4 Rf4 35. Bb8 Rc5 36. Bxf4 gxf4 37. Kg2 Ne3+ 38. fxe3 dxe3 39. Rdd1 Rg5+ 40. Kh2 Bxd1 41. Rxd1 Kf7 42. Rf1 e5 43. Rc1 h5 44. Rc6 h4 45. Rh6 Rg3 46. Rxh4 Kf6 47. Rh6+ Ke7 48. Rc6 b4 49. Rc1 bxa3 50. bxa3 Kf6 51. Rg1 Rxg1 52. Kxg1 Kg5 53. Kg2 Kh4 54. a4 Kg5 55. Kf3 Kh4 56. Bf5 Kg5 57. Bg4 Kh4 58. Ke4 Kg3 59. Kxe5 Kh4 60. Ke4 Kg5 61. Kf3 Kh4 62. d4 Kg5 63. d5 1-0

[Event "Stuttgart-chA"]
[Site "Stuttgart"]
[Date "2003.??.??"]
[Round "?"]
[White "Viskin, Volodymyr"]
[Black "Nass, Walter Robert"]
[Result "1-0"]
[WhiteElo "2100"]
[BlackElo "1745"]
[PlyCount "97"]
[EventDate "2003.??.??"]
[EventType "swiss"]
[EventRounds "9"]
[EventCountry "GER"]
[SourceTitle "EXT 2007"]
[Source "ChessBase"]
[SourceDate "2006.11.23"]
[SourceVersion "1"]
[SourceVersionDate "2006.11.23"]
[SourceQuality "1"]

1. e4 c5 2. Nc3 d6 3. g3 g6 4. Bg2 Bg7 5. d3 e6 6. Be3 Nc6 7. Qd2 Nge7 8. Nge2 Nd4 9. Nd1 0-0 10. c3 Nxe2 11. Qxe2 Nc6 12. 0-0 Qc7 13. f3 b5 14. Qd2 Bb7 15. Nf2 a6 16. Bh6 f5 17. Bxg7 Qxg7 18. f4 Rae8 19. Rae1 e5 20. Nd1 Ne7 21. Ne3 Kh8 22. a3 exf4 23. gxf4 Nc8 24. exf5 gxf5 25. Nxf5 Qg4 26. Ng3 Bxg2 27. Kxg2 Rxe1 28. Qxe1 Qg6 29. Qe4 Qg8 30. Re1 Qb3 31. Re2 Qf7 32. f5 a5 33. Qe6 Qb7+ 34. Kh3 Qf3 35. Qe4 Qxe4 36. dxe4 Nb6 37. Kg4 Nc4 38. Kf4 Ne5 39. b3 Kg7 40. Rd2 Rd8 41. Rg2 Nd3+ 42. Ke3 Ne5 43. Nh5+ Kh6 44. Nf4 a4 45. Ne6 Rc8 46. bxa4 bxa4 47. Rg3 Kh5 48. Kf4 Kh4 49. Ng5 1-0